[Event "Open Est 2015-2016"]
[Site "Aubagne"]
[Date "2015.11.07"]
[Round "3.33"]
[White "Brongers, Claudine"]
[Black "Belaid, Noa"]
[Result "1-0"]
[WhiteElo "1282"]
[BlackElo "1090"]
[PlyCount "97"]
[EventDate "2015.10.10"]
[WhiteTeam "Sanary Echecs"]
[BlackTeam "Club Provence Echecs"]

1. e4 e5 2. Nf3 Nc6 3. d4 exd4 4. Nxd4 Nxd4 5. Qxd4 Nf6 6. Bg5 Be7 7. Nc3 O-O
8. O-O-O h6 9. Bf4 c6 10. Qe3 Ng4 11. Qg3 d6 12. h3 Nf6 13. Be2 Re8 14. Bxh6
Bf8 15. Bg5 Re6 16. f3 Be7 17. h4 g6 18. Bd3 Nh5 19. Qf2 Re5 20. f4 Rc5 21. Qd4
Ng3 22. Bh6 Bf8 23. Bxf8 Qxf8 24. Rhe1 Bg4 25. Rd2 Re8 26. b4 Rh5 27. Qe3 Nf5
28. Qxa7 b5 29. Qf2 Nxh4 30. Qg3 Be6 31. Be2 Qh6 32. Rxd6 g5 33. Bxh5 Qxh5 34.
Rxc6 Bg4 35. Rc5 f5 36. e5 Rb8 37. Nd5 Ra8 38. Nf6+ Kh8 39. Nxh5 Bxh5 40. Kb2
Bf7 41. a3 Be8 42. Qxg5 Ng6 43. Rh1+ Kg8 44. Qh6 Ra7 45. Rc8 Rh7 46. Rxe8+ Kf7
47. Qxh7+ Kxe8 48. e6 Kd8 49. Qd7# 1-0

[Event "Open Est 2015-2016"]
[Site "Aubagne"]
[Date "2015.11.07"]
[Round "3.34"]
[White "Benner, Jean-Marc"]
[Black "Yahia-Amar, Hocine"]
[Result "1-0"]
[WhiteElo "1430"]
[BlackElo "1120"]
[PlyCount "75"]
[EventDate "2015.10.10"]
[WhiteTeam "Echiquier Dracénois"]
[BlackTeam "L'Echiquier du Roy René"]

1. e4 e5 2. Nf3 Nf6 3. Nc3 d6 4. Bc4 Be6 5. Bxe6 fxe6 6. d3 d5 7. Nxe5 dxe4 8.
Nxe4 Nxe4 9. dxe4 Qxd1+ 10. Kxd1 Bd6 11. Bf4 Nc6 12. Nxc6 Bxf4 13. Nb4 O-O-O+
14. Nd3 g5 15. Ke2 Rhf8 16. Rad1 g4 17. g3 Bd6 18. h3 h5 19. hxg4 hxg4 20. Rh4
Rg8 21. e5 Be7 22. Nf4 Rxd1 23. Kxd1 Bxh4 24. gxh4 Kd7 25. Nh5 Rh8 26. Nf6+ Kc6
27. h5 Kc5 28. c3 Kc4 29. Ke2 Rd8 30. Nxg4 Rg8 31. f3 Rg5 32. h6 Rh5 33. Ke3 b5
34. f4 c5 35. f5 Rxf5 36. h7 Rh5 37. Nf6 b4 38. Nxh5 1-0

[Event "Open Est 2015-2016"]
[Site "Aubagne"]
[Date "2015.11.07"]
[Round "3.35"]
[White "Belaid, Myriam"]
[Black "Gianfranceschi, Gerard"]
[Result "0-1"]
[WhiteElo "1399"]
[BlackElo "1040"]
[PlyCount "84"]
[EventDate "2015.10.10"]
[WhiteTeam "Club Provence Echecs"]
[BlackTeam "Cercle d'Echecs Aubagnais"]

1. e4 e6 2. d4 f5 3. Nc3 Nf6 4. Qd3 fxe4 5. Nxe4 Nc6 6. Bg5 h6 7. Be3 d5 8. Nc5
e5 9. c3 e4 10. Nxe4 dxe4 11. Qd2 Bd6 12. Bb5 O-O 13. Ne2 Nd5 14. O-O a6 15.
Bc4 Be6 16. a3 Na5 17. Bxd5 Bxd5 18. c4 Bxc4 19. Qxa5 Bxe2 20. Rfe1 Bb5 21.
Rac1 b6 22. Qc3 Rc8 23. a4 Bxa4 24. Qa3 Bxa3 25. bxa3 b5 26. Rc5 Qd6 27. Rec1
b4 28. axb4 c6 29. g3 g5 30. h4 gxh4 31. Bf4 Qxd4 32. Kg2 Qxb4 33. Bd6 e3 34.
f4 Qe4+ 35. Kh3 e2 36. Bxf8 e1=Q 37. Rg5+ hxg5 38. gxh4 Q4e3+ 39. Kg4 Rxf8 40.
Rxc6 Rxf4+ 41. Kxg5 Qxh4+ 42. Kg6 Qe8# 0-1

[Event "Open Est 2015-2016"]
[Site "Aubagne"]
[Date "2015.11.07"]
[Round "3.36"]
[White "Pegon, Claude"]
[Black "Salvi, Angele"]
[Result "0-1"]
[WhiteElo "1290"]
[BlackElo "1027"]
[PlyCount "108"]
[EventDate "2015.10.10"]
[WhiteTeam "La Ciotat Echecs (LCE)"]
[BlackTeam "Cercle d'Echecs Aubagnais"]

1. f4 d5 2. Nf3 Bg4 3. e3 Nf6 4. Be2 Bxf3 5. Bxf3 c6 6. b3 Nbd7 7. d3 Qc7 8.
O-O e5 9. Qe1 Bd6 10. Qg3 Rg8 11. Bb2 O-O-O 12. Qe1 Rde8 13. e4 exf4 14. Nd2
Ne5 15. a4 Qb6+ 16. Kh1 Nxf3 17. Rxf3 Re6 18. Qc1 Ng4 19. d4 dxe4 20. Nc4 Qc7
21. Nxd6+ Qxd6 22. Rxf4 Nf6 23. Qe3 Nd5 24. Qg3 Nxf4 25. Ba3 Qxd4 26. Re1 Nh5
27. Qe3 Qxe3 28. Rxe3 f5 29. g3 Nf6 30. c4 Ng4 31. Re2 e3 32. Kg2 Rd8 33. h3
Rd3 34. hxg4 fxg4 35. Kf1 Rd1+ 36. Kg2 Ra1 37. Bc5 Rb1 38. Bb4 Rxb3 39. Bc5 b6
40. Bd4 g6 41. c5 b5 42. a5 b4 43. a6 Ra3 44. Kf1 Re4 45. Bb2 Rd3 46. Ke1 h5
47. Bc1 b3 48. Bb2 g5 49. Bc1 h4 50. gxh4 gxh4 51. Rh2 Rc3 52. Bb2 Rc2 53. Kd1
Rxh2 54. Kc1 Rc2+ 0-1

[Event "Open Est 2015-2016"]
[Site "Aubagne"]
[Date "2015.11.07"]
[Round "3.37"]
[White "Tramarin, Mattteo"]
[Black "Rando, Mathias"]
[Result "0-1"]
[WhiteElo "1099"]
[BlackElo "1220"]
[PlyCount "44"]
[EventDate "2015.10.10"]
[WhiteTeam "Cercle d'Echecs Aubagnais"]
[BlackTeam "Club Provence Echecs"]

1. e4 e5 2. Nf3 Nc6 3. c3 Nf6 4. d4 Qe7 5. Qd3 d6 6. Bg5 Be6 7. Qb5 d5 8. Qxb7
Rb8 9. Qxc6+ Bd7 10. Qc5 Qe6 11. Qxc7 Bd6 12. Qxa7 O-O 13. Ba6 Qg4 14. Nxe5
Qxe4+ 15. Be3 Qxg2 16. Nxd7 Qxh1+ 17. Ke2 Rxb2+ 18. Bd2 Re8+ 19. Ne5 Qe4+ 20.
Kf1 Bxe5 21. dxe5 h6 22. exf6 Qh1# 0-1

[Event "Open Est 2015-2016"]
[Site "Aubagne"]
[Date "2015.10.07"]
[Round "3.38"]
[White "Denis, Alexandra"]
[Black "Periale, Francine"]
[Result "0-1"]
[WhiteElo "1060"]
[BlackElo "1215"]
[PlyCount "96"]
[EventDate "2015.10.10"]
[WhiteTeam "Marseille Passion Echecs"]
[BlackTeam "Cercle d'Echecs Aubagnais"]

1. e4 c5 2. Nf3 e6 3. d4 Nf6 4. Nc3 Nc6 5. Bb5 g6 6. dxc5 Bxc5 7. O-O Qc7 8. h3
O-O 9. Bh6 Re8 10. Re1 d6 11. Bxc6 bxc6 12. Nd4 e5 13. Qf3 Qe7 14. Nxc6 Qe6 15.
Bg5 Kg7 16. Nd5 Nxd5 17. exd5 Qf5 18. Qxf5 Bxf5 19. c3 a5 20. Be3 a4 21. Bxc5
dxc5 22. Re2 e4 23. Rae1 c4 24. g4 Bd7 25. Rxe4 Kf8 26. Kf1 a3 27. bxa3 Rxa3
28. Rxc4 Rxa2 29. Rxe8+ Bxe8 30. Nb4 Ra4 31. Rc8 Ra1+ 32. Ke2 Ke7 33. Nc6+ Kd7
34. Rd8+ Kc7 35. Rxe8 Kd6 36. Rd8+ Kc5 37. Ne5 Ra2+ 38. Kf3 Ra3 39. Nxf7 Rxc3+
40. Kg2 Rd3 41. d6 Kd5 42. Re8 Kc6 43. Re6 Rd4 44. Ne5+ Kd5 45. Re7 Kxd6 46.
Rxh7 Kxe5 47. Rg7 Kf6 48. Kg3 Kxg7 0-1

[Event "Open Est 2015-2016"]
[Site "Aubagne"]
[Date "2015.09.26"]
[Round "3.39"]
[White "Evanno, Georges"]
[Black "Auguste, Yvan"]
[Result "1-0"]
[WhiteElo "1200"]
[BlackElo "1010"]
[PlyCount "43"]
[EventDate "2015.10.10"]
[WhiteTeam "Cercle d'Echecs Aubagnais"]
[BlackTeam "Cercle d'Echecs Aubagnais"]

1. e4 e5 2. Bc4 Qf6 3. Nf3 a6 4. c3 b5 5. Bb3 a5 6. d3 a4 7. Bc2 Bd6 8. Bg5 Qe6
9. O-O h6 10. Bh4 f6 11. Re1 Ne7 12. d4 g5 13. Bg3 O-O 14. b3 b4 15. bxa4 c6
16. Bb3 Qxb3 17. Qxb3+ Kh8 18. dxe5 fxe5 19. Nxe5 c5 20. Nf7+ Kg8 21. Nxh6+ Kh7
22. cxb4 1-0

[Event "Open Est 2015-2016"]
[Site "Aubagne"]
[Date "2015.11.07"]
[Round "3.41"]
[White "Catanese, Sauveur"]
[Black "Naam, Shedy"]
[Result "1-0"]
[WhiteElo "1140"]
[BlackElo "1009"]
[PlyCount "73"]
[EventDate "2015.10.10"]
[WhiteTeam "Cercle d'Echecs Aubagnais"]
[BlackTeam "Cassis Echecs"]

1. d4 d5 2. c4 e6 3. Nc3 dxc4 4. e4 Bb4 5. Bxc4 Nf6 6. f3 Qe7 7. Bd2 Nc6 8.
Nge2 Na5 9. a3 Bd6 10. e5 Bxe5 11. dxe5 Ng8 12. Qa4+ Bd7 13. Qxa5 b6 14. Qb4 c5
15. Qb3 f6 16. Bb5 Rd8 17. Bxd7+ Rxd7 18. exf6 gxf6 19. Rd1 Nh6 20. Bxh6 Qd8
21. O-O a6 22. Rxd7 Qxd7 23. Rd1 Qe7 24. Qxb6 Rg8 25. Qb8+ Kf7 26. Qb3 Rg6 27.
Bc1 f5 28. Nf4 Rf6 29. Nd3 c4 30. Qxc4 Qa7+ 31. Kh1 Rh6 32. Bxh6 Qd7 33. Ne5+
Ke7 34. Nxd7 Kf7 35. Qd4 Kg6 36. Qf6+ Kh5 37. Qg5# 1-0

[Event "Open Est 2015-2016"]
[Site "Aubagne"]
[Date "2015.11.07"]
[Round "3.42"]
[White "Sid, Alexander"]
[Black "Hristov, Ina"]
[Result "0-1"]
[WhiteElo "1020"]
[BlackElo "1130"]
[PlyCount "20"]
[EventDate "2015.10.10"]
[WhiteTeam "Club Provence Echecs"]
[BlackTeam "Marseille Passion Echecs"]

1. e4 e5 2. Nf3 Nc6 3. Nc3 Bc5 4. Bc4 d6 5. O-O Nf6 6. d3 O-O 7. Nh4 Bg4 8. Nf3
Nd4 9. Bd2 Qc8 10. h3 Nxf3+ {deux coups ilégaux} 0-1

[Event "Open Est 2015-2016"]
[Site "Aubagne"]
[Date "2015.10.07"]
[Round "3.43"]
[White "Pentcheff, Julie"]
[Black "Sannejan, Thomas"]
[Result "1-0"]
[WhiteElo "1010"]
[BlackElo "1050"]
[PlyCount "35"]
[EventDate "2015.10.10"]
[WhiteTeam "Cassis Echecs"]
[BlackTeam "Cercle d'Echecs Aubagnais"]

1. e4 f6 2. d3 e5 3. Qh5+ g6 4. Qg4 Nh6 5. Bxh6 Bxh6 6. Nd2 Rg8 7. Qh4 Bf8 8.
O-O-O Rh8 9. d4 exd4 10. Bc4 g5 11. Qh5+ Ke7 12. Qf7+ Kd6 13. Qd5+ Ke7 14. Qf7+
Kd6 15. Qd5+ Ke7 16. Qc5+ Ke8 17. Qd5 c6 18. Qf7# 1-0

[Event "Open Est 2015-2016"]
[Site "Aubagne"]
[Date "2015.11.21"]
[Round "4.1"]
[White "Panagiotopoulos, Christos"]
[Black "Bohli, Adam"]
[Result "1-0"]
[WhiteElo "1751"]
[BlackElo "1460"]
[PlyCount "89"]
[EventDate "2015.10.10"]
[WhiteTeam "Le Gambit Marseillais"]
[BlackTeam "Marseille Echecs"]

1. e4 c6 2. d4 d5 3. exd5 Nf6 4. Bd3 Qa5+ 5. c3 Qxd5 6. Qf3 Bg4 7. Qxd5 Nxd5 8.
h3 Bh5 9. f4 e6 10. Ne2 Bg6 11. Bxg6 hxg6 12. Na3 Bxa3 13. bxa3 Na6 14. c4 Nb6
15. Rb1 c5 16. O-O O-O-O 17. dxc5 Nxc5 18. Be3 Nca4 19. Rb3 Kb8 20. Rfb1 Rd7
21. c5 Nc4 22. c6 Rc7 23. Rxb7+ Rxb7 24. Rxb7+ Kc8 25. Rxa7 Rd8 26. Kf2 Rd3 27.
Rxa4 Nxe3 28. Nd4 Nd5 29. Nb5 Kb8 30. c7+ Nxc7 31. Nxc7 Kxc7 32. Ra7+ Kd6 33.
Rxf7 Rxa3 34. Rxg7 Rxa2+ 35. Kg3 Ra3+ 36. Kg4 Ra2 37. g3 Kd5 38. Rxg6 Ra8 39.
h4 Rf8 40. h5 Kd6 41. h6 Ke7 42. Kg5 Rh8 43. Kh5 Kf7 44. Rg7+ Kf8 45. Kg6 1-0

[Event "Open Est 2015-2016"]
[Site "Aubagne"]
[Date "2015.11.21"]
[Round "4.2"]
[White "Sage, Jean-Claude"]
[Black "Deregnaucourt, Yves"]
[Result "0-1"]
[WhiteElo "1582"]
[BlackElo "1728"]
[PlyCount "49"]
[EventDate "2015.10.10"]
[WhiteTeam "Echiquier Marseillais 1872"]
[BlackTeam "ASPTT Marseille"]

1. e4 e5 2. Nc3 Nf6 3. f4 d5 4. fxe5 Nxe4 5. Nf3 Be7 6. d4 f5 7. exf6 Bxf6 8.
Bb5+ c6 9. Bd3 O-O 10. O-O Bf5 11. Ne2 Nd7 12. Bf4 Qe8 13. c3 Qg6 14. Ng3 Nxg3
15. Bxf5 Nxf5 16. Qb3 b6 17. Rae1 Rfe8 18. Qa4 b5 19. Qa6 Nb6 20. Be5 Bxe5 21.
Nxe5 Qg5 22. Qb7 Re7 23. Qxc6 Rae8 24. Qxb5 Ne3 25. Re2 0-1

[Event "Open Est 2015-2016"]
[Site "Aubagne"]
[Date "2015.11.21"]
[Round "4.3"]
[White "Konate, Salma"]
[Black "Telouk, Olivier"]
[Result "0-1"]
[WhiteElo "1490"]
[BlackElo "1645"]
[PlyCount "90"]
[EventDate "2015.10.10"]
[WhiteTeam "Marseille Passion Echecs"]
[BlackTeam "Cassis Echecs"]

1. e4 c5 2. Nf3 d6 3. d4 cxd4 4. Nxd4 Nf6 5. Nc3 g6 6. Be3 Bg7 7. Bc4 O-O 8.
O-O Nc6 9. f4 Bd7 10. f5 Ne5 11. Bb3 Rc8 12. Nf3 Nc4 13. Bxc4 Rxc4 14. fxg6
hxg6 15. Nd2 Rb4 16. Rb1 Ng4 17. Bxa7 Qa5 18. Bf2 Nxf2 19. Kxf2 Rxb2 20. Rxb2
Bxc3 21. Rxb7 Bc6 22. Nb3 Qe5 23. Rc7 Qxe4 24. Qf3 Qxc2+ 25. Qe2 Qxe2+ 26. Kxe2
Bb5+ 27. Kf2 Bxf1 28. Kxf1 Bf6 29. Ra7 Rb8 30. Ke2 Kf8 31. h3 Bh4 32. g4 e5 33.
Rd7 Rb6 34. Kd3 Ke8 35. Ra7 f5 36. Nd2 d5 37. a4 Bf2 38. Ra8+ Kd7 39. a5 Rc6
40. Nf3 Bg3 41. Ra7+ Kd6 42. Kd2 Bf4+ 43. Ke2 d4 44. a6 Rc2+ 45. Kd1 d3 0-1

[Event "Open Est 2015-2016"]
[Site "Aubagne"]
[Date "2015.10.21"]
[Round "4.4"]
[White "Benezra, Esther"]
[Black "Cotton, Paul"]
[Result "1-0"]
[WhiteElo "1619"]
[BlackElo "1455"]
[PlyCount "129"]
[EventDate "2015.10.10"]
[WhiteTeam "L'Echiquier du Roy René"]
[BlackTeam "Cercle d'Echecs Aubagnais"]

1. e4 c5 2. Nf3 d6 3. Bb5+ Bd7 4. Bxd7+ Qxd7 5. O-O g6 6. c3 Bg7 7. d4 cxd4 8.
cxd4 Nc6 9. Nc3 Nf6 10. d5 Nd8 11. Bf4 O-O 12. Be3 b6 13. Nd4 Ng4 14. Bf4 Ne5
15. Bg3 Nb7 16. f4 Nc4 17. Rf2 Nc5 18. h3 Ne3 19. Qd2 Nc4 20. Qd1 a6 21. b3 Na3
22. b4 Na4 23. Nxa4 Bxd4 24. Qxd4 Qxa4 25. Qxb6 Rab8 26. Qc7 Rfe8 27. Rb2 Rbc8
28. Qa5 Qxa5 29. bxa5 Nc4 30. Rb4 Rc5 31. Rc1 Nxa5 32. Rxc5 dxc5 33. Ra4 Nb7
34. Rxa6 Rc8 35. e5 Nd8 36. Ra7 Kf8 37. Bh4 c4 38. Bxe7+ Ke8 39. Bb4 Nc6 40.
dxc6 Rxc6 41. Re7+ Kd8 42. Rxf7 c3 43. Rf8+ Kd7 44. Rf7+ Kc8 45. Bxc3 Rxc3 46.
Rxh7 Rc4 47. g3 Rc1+ 48. Kf2 Rc2+ 49. Kf3 Rxa2 50. Rg7 Ra6 51. Kg4 Kd8 52. h4
Ke8 53. Kg5 Ra3 54. g4 Kf8 55. Rxg6 Kf7 56. h5 Ra8 57. e6+ Ke7 58. f5 Rh8 59.
Rg7+ Kf8 60. Kg6 Ke8 61. f6 Kf8 62. e7+ Ke8 63. f7+ Kxe7 64. Rg8 Rh6+ 65. Kxh6
1-0

[Event "Open Est 2015-2016"]
[Site "Aubagne"]
[Date "2015.10.21"]
[Round "4.5"]
[White "Hunault, Francis"]
[Black "Gamblin, Antoine"]
[Result "0-1"]
[WhiteElo "1378"]
[BlackElo "1394"]
[PlyCount "96"]
[EventDate "2015.10.10"]
[WhiteTeam "Cercle d'Echecs Aubagnais"]
[BlackTeam "Marseille Echecs"]

1. d4 Nf6 2. c4 g6 3. Nc3 d5 4. Bf4 c6 5. Nf3 Bg7 6. e3 O-O 7. Be2 Qb6 8. Qd2
dxc4 9. Bxc4 Bf5 10. O-O Nbd7 11. Rfe1 Qb4 12. Qe2 Bg4 13. a3 Bxf3 14. gxf3 Qa5
15. Qf1 Nb6 16. Be2 Nbd5 17. b4 Qd8 18. Nxd5 Nxd5 19. Bg3 Qd7 20. Rac1 f5 21.
Be5 Bxe5 22. dxe5 Qe6 23. e4 fxe4 24. fxe4 Ne3 25. Bc4 Nxc4 26. Qxc4 Qxc4 27.
Rxc4 Rad8 28. Kf1 Rd3 29. a4 Rfd8 30. b5 cxb5 31. axb5 Kf7 32. Rc7 R8d7 33.
Rxd7 Rxd7 34. Ke2 Ke6 35. f4 Rd4 36. Rb1 Rxe4+ 37. Kf3 Rc4 38. Kg4 Rc2 39. h3
h5+ 40. Kf3 Kf5 41. Rb4 h4 42. Rd4 Rc3+ 43. Kg2 Rb3 44. Rd7 Rxb5 45. Rxe7 Ke4
46. e6 Kf5 47. Re8 Kf6 48. Rg8 Rg5+ 0-1

[Event "Open Est 2015-2016"]
[Site "Aubagne"]
[Date "2015.10.21"]
[Round "4.6"]
[White "Vicari-Vento, Salvatore"]
[Black "Aghababian, Arthur"]
[Result "0-1"]
[WhiteElo "1515"]
[BlackElo "1388"]
[PlyCount "98"]
[EventDate "2015.10.10"]
[WhiteTeam "Cercle d'Echecs Aubagnais"]
[BlackTeam "Sanary Echecs"]

1. e4 d6 2. d4 Nf6 3. Nc3 Nbd7 4. Nf3 c6 5. Be2 e5 6. dxe5 dxe5 7. O-O Be7 8.
h3 O-O 9. a3 b5 10. b4 a5 11. bxa5 Rxa5 12. Bd2 Rxa3 13. Rxa3 Bxa3 14. Qa1 b4
15. Nb1 Qe7 16. Bd3 Bb7 17. Nxa3 bxa3 18. Rb1 Rb8 19. Bb4 c5 20. Bxa3 Nxe4 21.
Bxe4 Bxe4 22. Rxb8+ Nxb8 23. Qc3 Bxf3 24. Qxf3 Qa7 25. Qe3 Nd7 26. f4 exf4 27.
Qe8+ Nf8 28. Bb2 c4+ 29. Kh2 Qf2 30. Qe5 Qg3+ 31. Kg1 Qe3+ 32. Qxe3 fxe3 33.
Kf1 f5 34. g3 g5 35. Ke2 f4 36. gxf4 gxf4 37. Be5 Ne6 38. h4 Kf7 39. h5 Ke7 40.
Kf3 Kd7 41. Ke2 Kc6 42. c3 Kb5 43. Bf6 Kc5 44. Be5 Kd5 45. Bf6 Ke4 46. Bh4 f3+
47. Ke1 Kd3 48. h6 Nf4 49. Bg5 Ng2+ 0-1

[Event "Open Est 2015-2016"]
[Site "Aubagne"]
[Date "2015.11.21"]
[Round "4.7"]
[White "Gomez, Guy"]
[Black "Zajaczkowski, Danielle"]
[Result "1-0"]
[WhiteElo "1671"]
[BlackElo "1337"]
[PlyCount "137"]
[EventDate "2015.10.10"]
[WhiteTeam "Cercle d'Echecs Aubagnais"]
[BlackTeam "ASPTT Marseille"]

1. e4 e5 2. Nf3 d6 3. Bc4 Be7 4. O-O Nf6 5. Nc3 O-O 6. Re1 Nc6 7. a3 a6 8. d4
exd4 9. Nxd4 Nxd4 10. Qxd4 Be6 11. Nd5 Nxd5 12. exd5 Bf6 13. Qd1 Bd7 14. c3 g6
15. Bh6 Bg7 16. Qd2 Bxh6 17. Qxh6 Qf6 18. Re3 Qg7 19. Qh4 Rfe8 20. Re7 Rxe7 21.
Qxe7 f6 22. Qe2 Re8 23. Qd2 Kh8 24. a4 h6 25. b4 Kh7 26. Bd3 f5 27. b5 a5 28.
Rc1 b6 29. c4 Re7 30. h3 Qe5 31. g3 Kg7 32. Kf1 Qf6 33. Be2 Qg5 34. Qc3+ Qf6
35. Qc2 Qe5 36. f4 Qf6 37. Rd1 g5 38. Bf3 g4 39. hxg4 fxg4 40. Be4 h5 41. Kg2
Be8 42. Rf1 Qd4 43. Bf5 Bf7 44. Rh1 Kh6 45. Bxg4 Qe4+ 46. Qxe4 Rxe4 47. Kf3
Rxc4 48. Be6 Bg6 49. f5 Be8 50. g4 Kg5 51. gxh5 Bxh5+ 52. Ke3 Rxa4 53. Rf1 Kf6
54. Rc1 Be8 55. Rxc7 Bxb5 56. Rb7 Be8 57. Rxb6 Ke5 58. f6 Kxf6 59. Rxd6 Ke5 60.
Rd8 Re4+ 61. Kd2 Rd4+ 62. Kc3 Bb5 63. Bg8 Be2 64. Re8+ Kd6 65. Kxd4 Bd1 66. Ra8
a4 67. Ra6+ Kc7 68. Kc5 Bb3 69. d6+ 1-0

[Event "Open Est 2015-2016"]
[Site "Aubagne"]
[Date "2015.11.21"]
[Round "4.8"]
[White "Roux, Jean-Marie"]
[Black "Ghazarian, David"]
[Result "0-1"]
[WhiteElo "1319"]
[BlackElo "1535"]
[PlyCount "98"]
[EventDate "2015.10.10"]
[WhiteTeam "L'Echiquier du Roy René"]
[BlackTeam "Marseille Echecs"]

1. e4 e5 2. Nf3 Nc6 3. Nc3 Nf6 4. Bc4 Nxe4 5. Nxe4 d5 6. Bd3 dxe4 7. Bxe4 Bg4
8. h3 Bh5 9. g4 Bg6 10. Bxg6 fxg6 11. d3 Be7 12. Be3 O-O 13. Nh2 Qd5 14. Rg1
Rae8 15. Qd2 Bc5 16. Bxc5 Qxc5 17. Rf1 e4 18. O-O-O exd3 19. c3 Rd8 20. f4 b5
21. Kb1 b4 22. Nf3 bxc3 23. Qxc3 Qb5 24. Ng5 Qd5 25. Rfe1 d2 26. Ne6 Qd3+ 27.
Qxd3 Rxd3 28. Rf1 Re8 29. Nc5 Rd5 30. Nb3 Re2 31. a3 Na5 32. Kc2 Nc4 33. Kc3
Ne3 34. Rxd2 Rexd2 35. Nxd2 Nxf1 36. Nxf1 Rd1 37. Ne3 Rh1 38. Nd5 Rxh3+ 39. Kc2
c6 40. Ne7+ Kf7 41. Nxc6 h5 42. g5 h4 43. Ne5+ Ke6 44. Nxg6 Kf5 45. Ne7+ Kxf4
46. g6 Kg5 47. Nd5 Rf3 48. Nc3 Rxc3+ 49. bxc3 h3 0-1

[Event "Open Est 2015-2016"]
[Site "Aubagne"]
[Date "2015.11.21"]
[Round "4.9"]
[White "Cavanihac, Claude"]
[Black "Rieu, Jean"]
[Result "1-0"]
[WhiteElo "1532"]
[BlackElo "1310"]
[PlyCount "53"]
[EventDate "2015.10.10"]
[WhiteTeam "Cercle d'Echecs Aubagnais"]
[BlackTeam "U.S.C.M."]

1. d4 b6 2. c4 e6 3. Nc3 Bb4 4. Bd2 Nc6 5. e3 Bb7 6. Nf3 Nf6 7. Bd3 O-O 8. e4
Bxc3 9. Bxc3 Re8 10. Bc2 Na5 11. e5 Ne4 12. Bxa5 bxa5 13. Qe2 Ng5 14. Qd2 Nxf3+
15. gxf3 g6 16. Qe3 d5 17. c5 c6 18. O-O-O Ba6 19. h4 Bc4 20. b3 Ba6 21. h5 Qb8
22. hxg6 Qb4 23. gxf7+ Kf8 24. fxe8=Q+ Kxe8 25. Rxh7 Qa3+ 26. Kb1 a4 27. Rg1
1-0

[Event "Open Est 2015-2016"]
[Site "Aubagne"]
[Date "2015.11.21"]
[Round "4.10"]
[White "Gamblin, Vincent"]
[Black "Mineo, Francois"]
[Result "1-0"]
[WhiteElo "1442"]
[BlackElo "1324"]
[PlyCount "71"]
[EventDate "2015.10.10"]
[WhiteTeam "Marseille Echecs"]
[BlackTeam "Cassis Echecs"]

1. e4 Nf6 2. e5 Nd5 3. c4 Nb6 4. d4 d6 5. f4 e6 6. Nf3 f6 7. exd6 cxd6 8. b3
N6d7 9. Bd3 e5 10. Qe2 Be7 11. fxe5 dxe5 12. dxe5 fxe5 13. O-O O-O 14. Rd1 Bf6
15. Qe4 g6 16. Ba3 Re8 17. c5 Nc6 18. Bc4+ Kg7 19. Nc3 Qa5 20. Nd5 Nxc5 21.
Bxc5 Qxc5+ 22. Kh1 Bf5 23. Qe1 Nd4 24. Nxf6 Nxf3 25. Nxe8+ Rxe8 26. gxf3 e4 27.
Rd5 Qc6 28. Qc3+ Kh6 29. Qe3+ Kg7 30. Qd4+ Kh6 31. Bb5 Qc2 32. Qe3+ Kg7 33.
Bxe8 exf3 34. Rd2 Qe4 35. Qxe4 Bxe4 36. Rf2 1-0

[Event "Open Est 2015-2016"]
[Site "Aubagne"]
[Date "2015.11.21"]
[Round "4.11"]
[White "De Albera, Pierre"]
[Black "Bui, Christopher"]
[Result "1/2-1/2"]
[WhiteElo "1420"]
[BlackElo "1290"]
[PlyCount "122"]
[EventDate "2015.10.10"]
[WhiteTeam "ASPTT Marseille"]
[BlackTeam "Cercle d'Echecs Aubagnais"]

1. d4 Nf6 2. g3 d5 3. Bg2 g6 4. Bg5 Bg7 5. Nf3 Bf5 6. Nbd2 O-O 7. h3 Ne4 8. Qc1
Nxg5 9. Nxg5 Bxd4 10. Nb3 Bg7 11. Nf3 Nc6 12. O-O Re8 13. c3 e5 14. e3 e4 15.
Nfd4 Nxd4 16. Nxd4 Be6 17. Qc2 c5 18. Nxe6 Rxe6 19. Rad1 Rd6 20. Rd2 Qd7 21.
Rfd1 Rd8 22. Kh2 h5 23. h4 b5 24. a3 a5 25. b3 b4 26. cxb4 axb4 27. Qxc5 bxa3
28. Qxa3 Qe6 29. b4 Rb6 30. Rb1 d4 31. exd4 Rxd4 32. Rxd4 Bxd4 33. Re1 Bxf2 34.
Rxe4 Qd6 35. Rf4 Be1 36. Qa8+ Rb8 37. Qf3 Rf8 38. b5 Bd2 39. Rf6 Qc7 40. Qc6
Qxc6 41. Bxc6 Ba5 42. Bd5 Kg7 43. Ra6 Rd8 44. Bc4 Rd4 45. Bxf7 Kxf7 46. Rxa5
Rd2+ 47. Kh3 Rb2 48. Ra7+ Kg8 49. Ra6 Rxb5 50. Rxg6+ Kf7 51. Rg5 Rxg5 52. hxg5
Kg7 53. Kh4 Kg6 54. g4 hxg4 55. Kxg4 Kg7 56. Kf5 Kf7 57. g6+ Kg7 58. Kg5 Kg8
59. Kf6 Kh8 60. Kf5 Kg7 61. Kg5 Kg8 1/2-1/2

[Event "Open Est 2015-2016"]
[Site "Aubagne"]
[Date "2015.11.21"]
[Round "4.12"]
[White "Cureau, Dominique"]
[Black "Benezra, David"]
[Result "1-0"]
[WhiteElo "1278"]
[BlackElo "1418"]
[PlyCount "69"]
[EventDate "2015.10.10"]
[WhiteTeam "Echiquier Marseillais 1872"]
[BlackTeam "L'Echiquier du Roy René"]

1. c4 e5 2. Nc3 Nf6 3. g3 g6 4. Bg2 Bg7 5. Nf3 Nc6 6. O-O O-O 7. d3 d6 8. Bg5
h6 9. Bxf6 Bxf6 10. Nd5 Bg7 11. Qd2 a5 12. a3 Be6 13. Rac1 Ne7 14. Nc3 Qd7 15.
b4 axb4 16. axb4 Bh3 17. b5 Bxg2 18. Kxg2 f5 19. e3 h5 20. h4 f4 21. exf4 exf4
22. Ne2 fxg3 23. fxg3 Qg4 24. Nh2 Qe6 25. Rce1 Nf5 26. Nf4 Qf6 27. Re6 Qd4 28.
Nxg6 Rf6 29. Ne7+ Nxe7 30. Rxe7 Rxf1 31. Nxf1 Rf8 32. Qe3 Qb2+ 33. Nd2 Bc3 34.
Qe6+ Kh8 35. Qh6+ 1-0

[Event "Open Est 2015-2016"]
[Site "Aubagne"]
[Date "2015.11.21"]
[Round "4.13"]
[White "Foresti, Stephane"]
[Black "San-Nicolas, Robert"]
[Result "1/2-1/2"]
[WhiteElo "1264"]
[BlackElo "1412"]
[PlyCount "110"]
[EventDate "2015.10.10"]
[WhiteTeam "Sanary Echecs"]
[BlackTeam "Cercle d'Echecs Aubagnais"]

1. d4 Nf6 2. c4 c5 3. d5 d6 4. Nc3 g6 5. e4 e6 6. Bg5 Be7 7. Bd3 exd5 8. exd5
Nxd5 9. Nxd5 Bxg5 10. Ne2 O-O 11. O-O Nc6 12. Nec3 a6 13. Re1 f5 14. f4 Bh6 15.
Rb1 Bg7 16. a3 Rb8 17. Qd2 Bd7 18. Kh1 h6 19. Re3 Re8 20. Rg3 Kh7 21. Re1 Qh4
22. Rge3 Rxe3 23. Rxe3 Bd4 24. Re2 g5 25. g3 Qh3 26. Qd1 Rg8 27. Ne7 Rg7 28.
Ncd5 Nxe7 29. Rxe7 Bc6 30. Rxg7+ Kxg7 31. Bf1 Qg4 32. Qxg4 fxg4 33. fxg5 hxg5
34. b3 b5 35. Be2 Bxd5+ 36. cxd5 Kf6 37. a4 bxa4 38. bxa4 a5 39. Bxg4 Ke5 40.
Bf3 c4 41. Kg2 Bb2 42. Kf2 c3 43. Bd1 Kxd5 44. Ke2 Kd4 45. h4 gxh4 46. gxh4 Bc1
47. Bc2 Bd2 48. Bb3 Kc5 49. Kd3 Kb4 50. Kc2 d5 51. Bxd5 Kxa4 52. Be6 Kb4 53. h5
a4 54. Bd5 Kc5 55. h6 Bxh6 1/2-1/2

[Event "Open Est 2015-2016"]
[Site "Aubagne"]
[Date "2015.11.21"]
[Round "4.14"]
[White "Besucco, Guy"]
[Black "Roth, Fabio"]
[Result "0-1"]
[WhiteElo "1390"]
[BlackElo "1260"]
[PlyCount "58"]
[EventDate "2015.10.10"]
[WhiteTeam "La Ciotat Echecs (LCE)"]
[BlackTeam "Club Provence Echecs"]

1. f4 Nc6 2. Nf3 d6 3. e3 g6 4. Be2 Bg7 5. O-O a6 6. Nc3 e5 7. fxe5 Nxe5 8.
Nxe5 dxe5 9. Qe1 Be6 10. Ne4 f5 11. Nc5 Qd5 12. Nxe6 Qxe6 13. d3 O-O-O 14. a4
e4 15. d4 Ne7 16. c4 c5 17. dxc5 Qc6 18. Qb4 Qc7 19. Qa3 Be5 20. g3 Rhf8 21.
Rb1 Rf6 22. b4 Bxg3 23. Kh1 Bxh2 24. Rf2 Qg3 25. Rg2 Qh4 26. Rxh2 Qe1+ 27. Kg2
Qxe2+ 28. Kg3 Qf3+ 29. Kh4 Qg4# 0-1

[Event "Open Est 2015-2016"]
[Site "Aubagne"]
[Date "2015.11.21"]
[Round "4.15"]
[White "Gutman, Leni"]
[Black "Ralijaona, Gabriela"]
[Result "1-0"]
[WhiteElo "1250"]
[BlackElo "1369"]
[PlyCount "105"]
[EventDate "2015.10.10"]
[WhiteTeam "Marseille Echecs"]
[BlackTeam "Marseille Passion Echecs"]

1. d4 d5 2. c4 c6 3. Nc3 Nf6 4. e3 b6 5. Nf3 e6 6. Bd2 c5 7. Be2 Bd6 8. Nb5
cxd4 9. Nfxd4 a6 10. Qa4 O-O 11. Nxd6 Qxd6 12. Bb4 Qd7 13. Qxd7 Nfxd7 14. Bxf8
Nxf8 15. cxd5 exd5 16. Rc1 Nbd7 17. Nf5 Nc5 18. b4 Bxf5 19. bxc5 bxc5 20. Rxc5
Rb8 21. Rxd5 Rb1+ 22. Rd1 Rb2 23. Bxa6 Rxa2 24. Bb7 h6 25. O-O Ra7 26. Bf3 Ne6
27. Ra1 Re7 28. Rfc1 Ng5 29. Rc5 Bg6 30. h4 Ne6 31. Re5 f6 32. Rea5 Rd7 33.
Ra8+ Kh7 34. R1a4 Bf7 35. R4a7 Rxa7 36. Rxa7 Bg8 37. Be4+ Kh8 38. Ra8 g5 39.
Bd5 Kg7 40. Rxg8+ Kxg8 41. Bxe6+ Kf8 42. hxg5 hxg5 43. Kh2 Ke7 44. Ba2 Kd6 45.
Kg3 Ke5 46. f4+ Ke4 47. fxg5 fxg5 48. Kg4 Kxe3 49. Kxg5 Kf2 50. g4 Kg3 51. Kh5
Kf4 52. g5 Kf5 53. Kh6 1-0